<?xml version="1.0" encoding="UTF-8"?>
<collection xmlns="http://www.loc.gov/MARC21/slim">
 <record>
  <leader>01293nam a2200205Ia 4500</leader>
  <controlfield tag="001">TDMU_22954</controlfield>
  <controlfield tag="008">210410s9999    xx            000 0 und d</controlfield>
  <datafield tag="082" ind1=" " ind2=" ">
   <subfield code="a">895.922803</subfield>
  </datafield>
  <datafield tag="090" ind1=" " ind2=" ">
   <subfield code="b">TR121</subfield>
  </datafield>
  <datafield tag="100" ind1=" " ind2=" ">
   <subfield code="a">Trần, Đương</subfield>
  </datafield>
  <datafield tag="245" ind1=" " ind2="0">
   <subfield code="a">Bác Hồ và Bác Tôn một tình bạn cao cả</subfield>
  </datafield>
  <datafield tag="245" ind1=" " ind2="0">
   <subfield code="c">Trần Đương (biên soạn)</subfield>
  </datafield>
  <datafield tag="260" ind1=" " ind2=" ">
   <subfield code="a">H.</subfield>
  </datafield>
  <datafield tag="260" ind1=" " ind2=" ">
   <subfield code="b">Thanh niên</subfield>
  </datafield>
  <datafield tag="260" ind1=" " ind2=" ">
   <subfield code="c">2015</subfield>
  </datafield>
  <datafield tag="300" ind1=" " ind2=" ">
   <subfield code="a">230tr.</subfield>
  </datafield>
  <datafield tag="520" ind1=" " ind2=" ">
   <subfield code="a">Gồm các chuyện kể về tình bạn giữa Bác Hồ và Bác Tôn như: Từ ký ức tuổi thơ; Cuộc 'song hành' vì dân tộc; Phải tìm cho được anh thợ máy Tôn Đức Thắng!; Một thứ lửa thử vàng; Một bình minh đang đến; Anh hùng đã gặp anh hùng; Từ Hà Nội đến Chiến khu Việt Bắc; Hai cây đại thụ của rừng cây Đại đoàn kết...</subfield>
  </datafield>
  <datafield tag="650" ind1=" " ind2=" ">
   <subfield code="a">Lãnh tụ cách mạng</subfield>
   <subfield code="z">Việt Nam; Chính trị gia</subfield>
   <subfield code="x">Hoạt động cách mạng</subfield>
   <subfield code="z">Việt Nam</subfield>
   <subfield code="v">Chuyện kể; Hồ Chí Minh</subfield>
   <subfield code="d">1890-1969; Tôn Đức Thắng</subfield>
   <subfield code="d">1888-1980</subfield>
  </datafield>
  <datafield tag="856" ind1=" " ind2=" ">
   <subfield code="u">http://lrc.tdmu.edu.vn/opac/search/detail.asp?aID=2&amp;ID=22954</subfield>
  </datafield>
  <datafield tag="980" ind1=" " ind2=" ">
   <subfield code="a">Trung tâm Học liệu Trường Đại học Thủ Dầu Một</subfield>
  </datafield>
 </record>
</collection>
